Los árboles de Juan Preciado /

Bibliographic Details
Main Author: Jurado Valencia, Fabio (Author)
Other Authors: Rebolledo, Santiago, 1951- (Illustrator)
Format: Electronic eBook
Language:Spanish
Published: Bogotá, Colombia : Editorial Aula de Humanidades, 2023.
Edition:2da edición.
Series:Colección Literatura (Editorial Aula de Humanidades). Serie Poesía.
Subjects:
Online Access:Digitalia Hispánica

MARC

LEADER 00000nam a2200000Ii 4500
001 DIGAUHUM0101
003 NyNyDIG
006 m o d
007 cr |||||||||||
008 260205s2023 ck o 000 p spa d
035 |a (OCoLC)1573182177 
040 |a DGITA  |b eng  |e rda  |e pn  |c DGITA 
020 |a 9786287625457  |q (versión digital) 
020 |z 9786287625440  |q (versión impresa) 
050 1 4 |a PQ8180.42.U723 ebook 
100 1 |a Jurado Valencia, Fabio,  |e author. 
245 1 4 |a Los árboles de Juan Preciado /  |c Fabio Jurado Valencia ; ilustraciones de Santiago Rebolledo. 
250 |a 2da edición. 
264 1 |a Bogotá, Colombia :  |b Editorial Aula de Humanidades,  |c 2023. 
300 |a 1 online resource. 
336 |a text  |b txt  |2 rdacontent 
337 |a computer  |b c  |2 rdamedia 
338 |a online resource  |b cr  |2 rdacarrier 
347 |a text file  |2 rdaft 
347 |b PDF 
490 1 |a Colección: Literatura. Serie: Poesía 
588 0 |a Online resource; title from PDF title page (Digitalia, viewed February 5, 2026) 
655 7 |a Poetry.  |2 lcgft 
700 1 |a Rebolledo, Santiago,  |d 1951-  |e illustrator. 
791 2 |a Digitalia (Firm),  |e distributor. 
793 0 |g Digitalia eBook Collection:  |a Editorial Aula de Humanidades 
776 0 8 |i Print version:  |a Jurado Valencia, Fabio.  |t Árboles de Juan Preciado.  |b 2da edición.  |d Bogotá, Colombia : Editorial Aula de Humanidades, 2023  |z 9786287625440 
830 0 |a Colección Literatura (Editorial Aula de Humanidades).  |p Serie Poesía. 
856 4 0 |3 Digitalia Hispánica  |u https://www.digitaliapublishing.com/a/182551/ 
910 |a Premium collection: 2026